Từ quan điểm của Louis Wirth nhìn về lối sống của người dân Thành phố Hồ Chí Minh /

שמור ב:
מידע ביבליוגרפי
מחבר ראשי: Tôn Nữ Quỳnh Trân.
פורמט: Bài viết
שפה:Vietnamese
נושאים:
תגים: הוספת תג
אין תגיות, היה/י הראשונ/ה לתייג את הרשומה!
Thư viện lưu trữ: Thư viện Trường Đại học Đà Lạt
LEADER 00827nam a2200253 4500
001 DLU170181446
005 ##20171025
040 # # |a DLU  |b vie 
041 # # |a vie 
044 # # |a vn 
100 # # |a Tôn Nữ Quỳnh Trân. 
245 # # |a Từ quan điểm của Louis Wirth nhìn về lối sống của người dân Thành phố Hồ Chí Minh /  |c Tôn Nữ Quỳnh Trân. 
653 # # |a Đô Thị 
653 # # |a Lối sống 
653 # # |a Quan hệ xã hội 
773 # # |t Tạp chí Khoa học xã hội Thành phố Hồ Chí Minh   |g Số 3(199), 2015, tr. 29-36 
920 # # |a Phòng Tạp chí -- Trung tâm Thông tin - Thư viện Trường Đại học Đà Lạt 
900 # # |a True 
911 # # |a Hoàng Thị Huyền 
925 # # |a G 
926 # # |a A 
927 # # |a BB 
980 # # |a Thư viện Trường Đại học Đà Lạt